000
00316nam a22001457a 4500
003
SGT
020
_a
818579061-2
082
_a
615.19, P13K
100
_a
KOKARE, C
245
_a
PHARMACEUTICAL MICROBIOLOGY
260
_a
PUNE
_b
NIRALI PRAKASHAN
_c
2013
300
_a
295
650
_a
PHARMACEUTICAL
942
_2
ddc
_c
BK
999
_c
8147
_d
8147